00317nam a2200121Ia 4500008004100000041000800041082001600049100001800065245004500083260002900128300003100157365000700188240624s9999 xx 000 0 und d aeng a306.446 PAR aPAREKH BHIKHU aRETHINKING MULTICULTURALISM CULTURAL DIV c2000aNew YorkbPalgrave axii, : 379 : p. : cm. ; 23 cRS